000 00328 a2200097 4500
020 _a0136597491
082 _a624.1821 YOU
245 _aThe Science and technology of civil engineering materials /
_cJ. Francis Young ... [et al.].
260 _aUpper Saddle River, NJ :
_bPrentice Hall,
_cc1998.
300 _axiv, 384 p. :
_bill. ;
_c26 cm.
650 _aMaterials.
999 _c1317
_d1317